<?xml version="1.0" encoding="UTF-8"?><?xml-stylesheet type="text/xsl" href="static/style.xsl"?><OAI-PMH xmlns="http://www.openarchives.org/OAI/2.0/" xmlns:xsi="http://www.w3.org/2001/XMLSchema-instance" xsi:schemaLocation="http://www.openarchives.org/OAI/2.0/ http://www.openarchives.org/OAI/2.0/OAI-PMH.xsd"><responseDate>2026-06-07T07:41:25Z</responseDate><request verb="GetRecord" identifier="oai:riuma.uma.es:10630/12188" metadataPrefix="marc">https://riuma.uma.es/rest/oai/request</request><GetRecord><record><header><identifier>oai:riuma.uma.es:10630/12188</identifier><datestamp>2026-02-03T12:00:42Z</datestamp><setSpec>com_10630_2254</setSpec><setSpec>col_10630_37959</setSpec></header><metadata><record xmlns="http://www.loc.gov/MARC21/slim" xmlns:dcterms="http://purl.org/dc/terms/" xmlns:doc="http://www.lyncode.com/xoai" xmlns:xsi="http://www.w3.org/2001/XMLSchema-instance" xsi:schemaLocation="http://www.loc.gov/MARC21/slim http://www.loc.gov/standards/marcxml/schema/MARC21slim.xsd">
   <leader>00925njm 22002777a 4500</leader>
   <datafield ind2=" " ind1=" " tag="042">
      <subfield code="a">dc</subfield>
   </datafield>
   <datafield ind2=" " ind1=" " tag="720">
      <subfield code="a">Jiménez-Gavilán, Pablo</subfield>
      <subfield code="e">author</subfield>
   </datafield>
   <datafield ind2=" " ind1=" " tag="260">
      <subfield code="c">2016-10-10</subfield>
   </datafield>
   <datafield ind2=" " ind1=" " tag="520">
      <subfield code="a">El proyecto pretende evaluar la resiliencia de tres sectores costeros de Cuba, México y España como producto histórico (últimas décadas) entre la gestión territorial y la presión ejercida sobre el recurso hídrico a diferentes escalas (comarcal, cuenca, sistema de explotación) y mediante la comparación de indicadores ambientales, socioeconómicos y de gobernanza. Para ello, se implementará una herramienta que permita cuantificar la percepción social de los humedales costeros y manglares como estructuras de adaptación y mitigación de los impactos generados por el cambio climático. Además, se integrarán técnicas de teledetección, vehículos no tripulados y muestreo en campo para monitorizar, cuantificar la evolución y relacionar el comportamiento y presiones que sufren estos ecosistemas costeros con otros indicadores ambientales. Por último, se evaluará en las tres áreas de estudio el potencial impacto del cambio global a partir de la generación de escenarios hidrológicos y de desarrollo socioeconómico que permita, mediante herramientas de gestión hídrica y territorial, establecer un protocolo común de estrategias de adaptación de los sectores costeros a corto, medio y largo plazo y que recoja un amplio rango de modelos territoriales, socioeconómicos y de gestión hídrica.</subfield>
   </datafield>
   <datafield ind1="8" ind2=" " tag="024">
      <subfield code="a">http://hdl.handle.net/10630/12188</subfield>
   </datafield>
   <datafield tag="653" ind2=" " ind1=" ">
      <subfield code="a">Agua -- Abastecimiento</subfield>
   </datafield>
   <datafield ind2="0" ind1="0" tag="245">
      <subfield code="a">Proyecto “EVIMPACOST”: implementación de herramientas de evaluación y adapatación al cambio global en sistemas hídricos costeros</subfield>
   </datafield>
</record>
</metadata></record></GetRecord></OAI-PMH>